Normal view
MARC view
Entry Personal Name
001 - CONTROL NUMBER
- control field: 67450
003 - CONTROL NUMBER IDENTIFIER
- control field: dpl
005 - DATE AND TIME OF LATEST TRANSACTION
- control field: 20240612165315.0
008 - FIXED-LENGTH DATA ELEMENTS
- fixed length control field: 240612|| aca||aabn | a|a d
040 ## - CATALOGING SOURCE
- Original cataloging agency: dpl
- Transcribing agency: dpl
100 ## - HEADING--PERSONAL NAME
- Personal name: Buyya, Rajkumar
670 ## - SOURCE DATA FOUND
- Source citation: Work cat.: (dpl)203558: Buyya, Rajkumar, Mastering Cloud Computing:, 2024
